Interakcia vzdelávacieho systému a trhu práce

Význam vzdelávacieho systému pre vzdelanostnú úroveň obyvateľstva a prípravu kvalifikovaných pracovných zdrojov. Presadzovanie spolupráce medzi vzdelávacími inštitúciami a inštitúciami trhu práce. Problém integrácie mládeže do pracovného života. Inštitucionálny koncept vzdelávacieho systému. Spolupr...

Full description

Saved in:
Bibliographic Details
Main Author: Juríčková, Vilma
Format: Book Chapter
Language:Slovak
Subjects:
Tags: Add Tag
No Tags, Be the first to tag this record!

MARC

LEADER 00000naa a2200000 4500
001 r027862
005 20230807093005.5
041 0 |a slo 
044 |a SK 
245 1 0 |a Interakcia vzdelávacieho systému a trhu práce  |c Vilma Juríčková 
520 |a Význam vzdelávacieho systému pre vzdelanostnú úroveň obyvateľstva a prípravu kvalifikovaných pracovných zdrojov. Presadzovanie spolupráce medzi vzdelávacími inštitúciami a inštitúciami trhu práce. Problém integrácie mládeže do pracovného života. Inštitucionálny koncept vzdelávacieho systému. Spolupráca vzdelávacieho systému a trhu práce na príklade Nemecka. Význam informácií, ich výmena ako základná podmienka kooperácie vzdelávacieho a produkčného systému. Finančné zabezpečenie vzdelávacieho systému. 
610 2 0 |a vzdelávanie 
610 2 0 |a zdroje pracovné 
610 2 0 |a obyvateľstvo 
610 2 0 |a kvalifikácia 
610 2 0 |a trh práce 
610 2 0 |a Nemecko 
610 2 0 |a mládež 
610 2 0 |a príprava na povolanie 
610 2 0 |a príprava odborná 
610 2 0 |a zamestnanosť 
610 2 0 |a školstvo 
610 2 0 |a financovanie 
100 1 |a Juríčková, Vilma